| 000 | 00506nam a2200181Ia 4500 | ||
|---|---|---|---|
| 005 | 20250508152211.0 | ||
| 008 | 008 250505s9999 xx 000 0 eng d | ||
| 037 | _aTextual | ||
| 040 |
_aFEDL _beng _cFEDL |
||
| 041 |
_aeng _2eng |
||
| 084 |
_a635.966, STE _qFEDL |
||
| 100 | _aStevenson Violet | ||
| 245 | 0 | _aDried flowers for decoration | |
| 260 |
_aLondon, UK _bW. H. and L. Collingridge Ltd. _c1955 |
||
| 300 | _a87p. | ||
| 942 |
_cTEXL _h635.966, STE |
||
| 999 |
_c1334923 _d1334923 |
||